000 00572nam a2200205Ia 4500
003 GCL
008 140319s9999 xx 000 0 ara d
020 _a0339148977
040 _aGCL /
_cGCL
082 0 4 _a814.008
_bا ا
100 1 _aانيس منصور
245 1 0 _aاوراق على شجر /
_cانيس منصور
250 _aالثالثة
260 _aالقاهرة :
_bدار الشروق ،
_c1990
300 _a279 ص ؛
_c25 سم
490 _a
650 0 4 _aالادب العربى
650 0 4 _aالمقالات العربية
942 _2ddc
_cBK
999 _c55994
_d55994